| 000 | 00455cam a2200169ua 4500 | ||
|---|---|---|---|
| 001 | 491 | ||
| 008 | 110407n ii |||gr||||Z||||||eng | ||
| 040 | _cMAIN | ||
| 082 | _a320.954 | ||
| 245 | _aContemporary crisis and Gandhi. | ||
| 250 |
_a1st. / _bEdited by Ramashray Roy. |
||
| 260 |
_aDelhi.: _bDiscovery publishing house.,986. |
||
| 300 | _aviii,301 p.:6 cm. | ||
| 653 | _aPolitical science. | ||
| 653 | _aContemporary crisis and Gandhi. | ||
| 942 | _cBK | ||
| 999 |
_c432 _d432 |
||